Cyclisme - Top 30 coureur par jour de course (PCS Ranking - 2023) - Statistiques

Statistiques générales
  • Ce quiz a été pris 34 fois
  • Le résultat moyen est 10 sur 30
Statistiques - réponses
Rang Nationalité Equipe Jours de courses Coureur % Correct
9 Portugal Intermarché Circus Wanty 84 Rui Costa
73%
3 Slovénie UAE Team Emirates 88 Domen Novak
60%
8 Espagne Bahrain Victorious 85 Mikel Landa
60%
2 Etats Unis Ag2r Citroen Team 88 Larry Warbasse
57%
10 Pays Bas Astana Qazaqstan Team 84 Cees Bol
53%
13 Belgique Ag2r Citroen Team 83 Oliver Naesen
50%
22 France Soudal Quick Step 82 Rémi Cavagna
50%
30 Italie Ag2r Citroen Team 81 Andrea Vendrame
47%
18 Argentine Lotto Dstny 82 Eduardo Sepulveda
47%
1 Espagne Astana Qazaqstan Team 90 Luis Leon Sanchez
47%
21 Italie Bahrain Victorious 82 Damiano Caruso
43%
26 Portugal Movistar Team 81 Nelson Oliveira
43%
28 Allemagne Bora Hansgrohe 81 Nils Politt
40%
24 Danemark EF Education EasyPost 81 Magnus Cort
33%
4 Luxembourg Team Arkéa Samsic 88 Michel Ries
33%
25 France Groupama FDJ 81 Thibaut Pinot
33%
17 France Cofidis 83 Axel Zingle
30%
14 France Cofidis 83 Bryan Coquard
30%
23 Norvège Uno X Pro Cycling Team 82 Rasmus Tiller
27%
19 Belgique Lidl Trek 82 Edward Theuns
23%
7 Erythrée Lidl Trek 86 Amanuel Ghebreigzabhier
20%
20 France Team Arkéa Samsic 82 Laurent Pichon
17%
16 Italie Team Jayco AlUla 83 Matteo Sobrero
17%
11 Kazakhstan Astana Qazaqstan Team 84 Vadim Pronskiy
17%
27 Italie EOLO Kometa 81 Mirco Maestri
10%
29 Italie Green Project Bardiani CSF 81 Davide Gabburo
7%
5 Belgique Bingoal WB 87 Lennert Teugels
7%
15 France TotalEnergies 83 Paul Ourselin
7%
6 Italie Team Corratec Selle Italia 87 Alexander Konychev
3%
12 Belgique Lotto Dstny 84 Sylvain Moniquet
3%
Aucun quiz correspondant
Distribution des résultats
% des personnes avec chaque résultat
Percentile par nombre de réponses
Votre historique - résultats
Vous n’avez pas pris ce quiz